Statistiques concernant Culture Générale - Série 1915

Cliquez ici pour prendre le quiz!

Statistiques générales

  • Ce quiz a été pris 49 fois
  • Le résultat moyen est 4 sur 10

Statistiques - réponses

QuestionRéponse% Correct
C'est du blabla qui rime avec gratin .baratin
73%
Quelle ville est surnommée "La Venise des Alpes" ? voir photoAnnecy
69%
Au golf, comment appelle-t-on le nombre de coups théorique fixé pour un trou (ou un parcours) ?par
56%
Comment appelle-t-on un un mot nouveau ou apparu récemment dans une langue ?néologisme
54%
Quelle écrivaine américaine (1903-1977), prénommée Anaïs, est l'auteur de "Vénus érotica" ?Nin
38%
Comment appelle-t-on l'ensemble des pierres sous les rails de chemin de fer ?ballast
38%
Quel adjectif désigne un nez aplati et court ?camus
17%
C'est une ville des Pays Bas et du Niger en 3 lettres .Ede
10%
Dans la mythologie grecque, comment s'appelle l'héroïne qui prit part à la chasse du sanglier de Calydon et à la quête de la Toison d'or ?Atalante
2%
Comment s'appelle l'étoile la plus brillante de la constellation du scorpion ?Antarès
2%

Distribution des résultats

Percentile par nombre de réponses

% des personnes avec chaque résultat

Votre développement - résultats

Vous n’avez pas pris ce quiz